[Event "ENG-ch Seniors 65"]
[Site "Kenilworth"]
[Date "2025.04.26"]
[Round "4"]
[White "Bray, David"]
[Black "Snape, Ian L"]
[Result "0-1"]
[WhiteElo "1966"]
[BlackElo "2098"]
[PlyCount "110"]
[EventDate "2025.04.24"]
[EventType "swiss"]
[EventRounds "7"]
[EventCountry "ENG"]
[SourceTitle "CB18_2025"]
[SourceDate "2025.04.30"]
[SourceVersion "1"]
[SourceVersionDate "2025.04.30"]
[SourceQuality "1"]

1. e4 c5 2. Nf3 d6 3. d4 cxd4 4. Nxd4 Nf6 5. Nc3 a6 6. Be2 e5 7. Nb3 Be7 8. 0-0 Be6 9. Be3 Nbd7 10. f3 Rc8 11. Qd2 Bc4 12. Bxc4 Rxc4 13. Rfd1 Qc7 14. Rac1 b5 15. g4 b4 16. Nd5 Nxd5 17. exd5 0-0 18. c3 bxc3 19. Rxc3 Rxc3 20. Qxc3 Qd8 21. Na5 Bg5 22. Nc6 Bxe3+ 23. Qxe3 Qh4 24. Qa7 Nf6 25. Ne7+ Kh8 26. Nf5 Qh3 27. Qe7 Kg8 28. Qxd6 Qxf3 29. Ne7+ Kh8 30. Ng6+ hxg6 31. Qxf8+ Kh7 32. Rf1 Qxg4+ 33. Kh1 Qe4+ 34. Kg1 Qxd5 35. Qa3 Nh5 36. Qb3 Qd4+ 37. Kh1 Nf4 38. Rxf4 Qxf4 39. Qh3+ Qh6 40. Qxh6+ Kxh6 41. b4 Kg5 42. a4 Kf6 43. b5 axb5 44. a5 b4 45. a6 b3 46. a7 b2 47. a8Q b1Q+ 48. Kg2 Qc2+ 49. Kg1 Qd1+ 50. Kg2 Qe2+ 51. Kg1 Qg4+ 52. Kh1 g5 53. Qd8+ Kg6 54. Qd6+ Qe6 55. Qd3+ f5 0-1

[Event "ENG-ch Seniors 65"]
[Site "Kenilworth"]
[Date "2025.04.25"]
[Round "2"]
[White "Bray, David"]
[Black "Jackson, Oliver A"]
[Result "0-1"]
[WhiteElo "1966"]
[BlackElo "2035"]
[PlyCount "66"]
[EventDate "2025.04.24"]
[EventType "swiss"]
[EventRounds "7"]
[EventCountry "ENG"]
[SourceTitle "CB18_2025"]
[SourceDate "2025.04.30"]
[SourceVersion "1"]
[SourceVersionDate "2025.04.30"]
[SourceQuality "1"]

1. Nf3 Nf6 2. c4 g6 3. Nc3 Bg7 4. d4 0-0 5. e4 d6 6. Be2 Bg4 7. Be3 Nfd7 8. 0-0 e5 9. dxe5 dxe5 10. Qb3 b6 11. Rad1 Qc8 12. h3 Bxf3 13. Bxf3 Nc6 14. Qa4 Nd4 15. Bg4 f5 16. exf5 gxf5 17. Bxd4 exd4 18. Nd5 Qd8 19. Be2 Kh8 20. b4 a5 21. b5 f4 22. f3 Be5 23. Qc2 Qg5 24. Bd3 Rf7 25. Kh1 Rg8 26. Rg1 Rfg7 27. Rde1 Bd6 28. Re2 Ne5 29. Rge1 Nf7 30. Rg1 Qh4 31. Bf5 Ne5 32. Rge1 Rxg2 33. Nxf4 Rxe2 0-1

[Event "ENG-ch Seniors 65"]
[Site "Kenilworth"]
[Date "2024.05.25"]
[Round "2"]
[White "Bray, David"]
[Black "Page, Mark"]
[Result "0-1"]
[WhiteElo "1963"]
[BlackElo "2042"]
[PlyCount "112"]
[EventDate "2024.05.24"]
[EventType "swiss"]
[EventRounds "7"]
[EventCountry "ENG"]
[SourceTitle "CBM 220 Extra"]
[Source "ChessBase"]
[SourceDate "2024.07.31"]
[SourceVersion "1"]
[SourceVersionDate "2024.07.31"]
[SourceQuality "1"]

1. Nf3 Nf6 2. c4 d6 3. d4 g6 4. Nc3 Bg7 5. e4 0-0 6. Be2 e5 7. dxe5 dxe5 8. Qxd8 Rxd8 9. Nxe5 Nxe4 10. Nxe4 Bxe5 11. Bg5 Re8 12. Nf6+ Bxf6 13. Bxf6 Bf5 14. Rd1 Nd7 15. Bg5 Nc5 16. Be3 Na4 17. Rd2 Rad8 18. Rxd8 Rxd8 19. 0-0 Nxb2 20. Bxa7 Bd3 21. Bxd3 Rxd3 22. g3 Nxc4 23. Rc1 b5 24. a4 c6 25. axb5 cxb5 26. Bc5 Rd5 27. Bb4 f6 28. Ra1 Ne5 29. Kg2 Kf7 30. Ra6 Nd7 31. Ra7 Ke6 32. h3 h5 33. Kf3 Ne5+ 34. Ke3 Nc6 35. Ra6 Re5+ 36. Kd3 Kd5 37. Bc3 Re6 38. Ra8 b4 39. Bb2 Kc5 40. Rc8 Rd6+ 41. Kc2 Kc4 42. Rc7 Re6 43. Rd7 f5 44. Rd2 b3+ 45. Kd1 g5 46. Rd7 h4 47. gxh4 gxh4 48. Rh7 Re4 49. Rc7 Re6 50. Rh7 Kd3 51. Rd7+ Ke4 52. Rh7 Kf3 53. Rxh4 Rd6+ 54. Ke1 f4 55. Ba3 b2 56. Bxb2 Nb4 0-1

[Event "ENG-ch Seniors 65"]
[Site "Kenilworth"]
[Date "2024.05.24"]
[Round "1"]
[White "Carpenter, David J"]
[Black "Bray, David"]
[Result "0-1"]
[WhiteElo "1635"]
[BlackElo "1963"]
[PlyCount "80"]
[EventDate "2024.05.24"]
[EventType "swiss"]
[EventRounds "7"]
[EventCountry "ENG"]
[SourceTitle "CBM 220 Extra"]
[Source "ChessBase"]
[SourceDate "2024.07.31"]
[SourceVersion "1"]
[SourceVersionDate "2024.07.31"]
[SourceQuality "1"]

1. Nf3 Nf6 2. g3 d5 3. Bg2 e6 4. 0-0 Be7 5. d3 0-0 6. Nbd2 c5 7. Re1 Nc6 8. c4 Qc7 9. cxd5 exd5 10. Nf1 Rd8 11. a3 b5 12. Bf4 Qb6 13. Qc2 Be6 14. Rec1 Rac8 15. Be3 d4 16. Bd2 a5 17. Bg5 a4 18. Bxf6 gxf6 19. N1d2 Na5 20. Re1 Bb3 21. Nxb3 Nxb3 22. Rad1 c4 23. dxc4 bxc4 24. Nd2 c3 25. Nb1 Na1 26. Qf5 Rc5 27. Qg4+ Rg5 28. Qe4 c2 29. Qxe7 cxd1Q 30. Rxd1 Re5 31. Qb4 Qxb4 32. axb4 Rxe2 33. b5 Rxb2 34. Na3 Nc2 35. Nxc2 Rxc2 36. b6 a3 37. Be4 Rb2 38. b7 a2 39. Rc1 d3 40. Bxd3 Rxd3 0-1

[Event "ENG-ch Seniors 65"]
[Site "Leamington Spa"]
[Date "2023.05.05"]
[Round "2"]
[White "Page, Mark"]
[Black "Bray, David"]
[Result "1/2-1/2"]
[WhiteElo "2044"]
[BlackElo "1989"]
[PlyCount "54"]
[EventDate "2023.05.04"]
[EventType "swiss"]
[EventRounds "7"]
[EventCountry "ENG"]
[SourceTitle "CBM 214 Extra"]
[Source "ChessBase"]
[SourceDate "2023.07.31"]
[SourceVersion "1"]
[SourceVersionDate "2023.07.31"]
[SourceQuality "1"]

1. e4 c5 2. Nf3 e6 3. c3 Nf6 4. e5 Nd5 5. d4 cxd4 6. cxd4 d6 7. Bc4 Nc6 8. 0-0 Be7 9. a3 0-0 10. exd6 Qxd6 11. Nc3 a6 12. Re1 Nf6 13. h3 Rd8 14. Be3 b5 15. Bd3 Bb7 16. Qe2 Rac8 17. Rad1 b4 18. Na4 Nb8 19. Nc5 Bxf3 20. Qxf3 Qd5 21. axb4 Qxf3 22. gxf3 Nd5 23. Bd2 Nc6 24. Bxa6 Rb8 25. Bc3 Ncxb4 26. Bf1 Na2 27. Ne4 Rdc8 1/2-1/2

[Event "ENG Chessable-ch Seniors 65+"]
[Site "Kenilworth"]
[Date "2022.05.05"]
[Round "2"]
[White "Bray, David"]
[Black "Chandler, Clifford R"]
[Result "0-1"]
[WhiteElo "2022"]
[BlackElo "2246"]
[PlyCount "108"]
[EventDate "2022.05.04"]
[EventType "swiss"]
[EventRounds "7"]
[EventCountry "ENG"]
[SourceTitle "CBM 208 Extra"]
[Source "ChessBase"]
[SourceDate "2022.07.31"]
[SourceVersion "1"]
[SourceVersionDate "2022.07.31"]
[SourceQuality "1"]

1. Nf3 Nc6 2. d4 d5 3. c4 Bg4 4. Nc3 e6 5. e3 Bb4 6. h3 Bxf3 7. Qxf3 Nf6 8. cxd5 exd5 9. Bd3 0-0 10. 0-0 Re8 11. a3 Bxc3 12. bxc3 Na5 13. Rb1 c6 14. Qe2 Ne4 15. Qc2 Qh4 16. c4 dxc4 17. Bxc4 Nxc4 18. Qxc4 Rab8 19. Rb2 Re6 20. Kh2 b5 21. Qe2 Nd6 22. Bd2 Qxd4 23. Bb4 Qc4 24. Bxd6 Qxe2 25. Rxe2 Rxd6 26. Rc1 Kf8 27. Rec2 Rb6 28. e4 a5 29. e5 Re6 30. f4 b4 31. Rc5 f6 32. Rxa5 b3 33. Rb1 fxe5 34. fxe5 Kf7 35. Rc5 b2 36. Rc2 Rxe5 37. Rcxb2 Rxb2 38. Rxb2 c5 39. a4 Ke6 40. Rb7 c4 41. Rxg7 Rc5 42. Rb7 c3 43. Rb1 Kd5 44. Kg3 c2 45. Rc1 Ke4 46. Kh4 Kd3 47. g4 Kd2 48. Rxc2+ Kxc2 49. g5 Kd3 50. Kh5 Ke4 51. Kh6 Kf5 52. h4 Rc7 53. h5 Rc6+ 54. Kxh7 Kxg5 0-1

[Event "ENG-ch Seniors 65"]
[Site "Milton Keynes"]
[Date "2021.10.10"]
[Round "7"]
[White "Bray, David"]
[Black "Myall, Ivan J"]
[Result "1/2-1/2"]
[WhiteElo "2037"]
[BlackElo "2011"]
[PlyCount "54"]
[EventDate "2021.10.04"]
[EventType "swiss"]
[EventRounds "7"]
[EventCountry "ENG"]
[SourceTitle "EXT 2023"]
[Source "ChessBase"]
[SourceDate "2022.10.05"]
[SourceVersion "1"]
[SourceVersionDate "2022.10.05"]
[SourceQuality "1"]

1. d4 d5 2. c4 c6 3. Nf3 dxc4 4. g3 b5 5. Bg2 Bb7 6. 0-0 Nf6 7. a4 e6 8. b3 cxb3 9. Qxb3 b4 10. a5 Ba6 11. Ne5 Nd5 12. Re1 Bd6 13. Bd2 Bxe5 14. dxe5 c5 15. e4 Nc7 16. Be3 Qe7 17. Nd2 Nd7 18. Rec1 0-0 19. Bxc5 Nxc5 20. Qxb4 Qd7 21. Qxc5 Qxd2 22. Rd1 Qb2 23. Qxc7 Rfc8 24. Qd6 Be2 25. Qd2 Qb5 26. Rdb1 Qa6 27. Re1 Bb5 1/2-1/2

[Event "ENG-ch Seniors 65"]
[Site "Milton Keynes"]
[Date "2021.10.08"]
[Round "5"]
[White "Bray, David"]
[Black "Brockes, Jeremy P"]
[Result "1-0"]
[WhiteElo "2037"]
[BlackElo "1566"]
[PlyCount "90"]
[EventDate "2021.10.04"]
[EventType "swiss"]
[EventRounds "7"]
[EventCountry "ENG"]
[SourceTitle "EXT 2023"]
[Source "ChessBase"]
[SourceDate "2022.10.05"]
[SourceVersion "1"]
[SourceVersionDate "2022.10.05"]
[SourceQuality "1"]

1. Nf3 Nf6 2. c4 g6 3. d4 Bg7 4. Nc3 d6 5. e4 0-0 6. Be2 Bg4 7. 0-0 Nfd7 8. Be3 Bxf3 9. Bxf3 Nc6 10. d5 Na5 11. Be2 Bxc3 12. bxc3 e5 13. dxe6 fxe6 14. f4 Qe7 15. Bd3 b6 16. Qe2 Nb7 17. Rae1 Nbc5 18. Bc2 Rf7 19. g4 Raf8 20. g5 e5 21. f5 Qd8 22. Qg4 Qe8 23. h4 Rg7 24. Rf2 gxf5 25. exf5 Nf6 26. Qf3 e4 27. Qh3 Qh5 28. Rg2 Nfd7 29. Bd4 Ne5 30. Bxe5 dxe5 31. Bxe4 Nxe4 32. Rxe4 Qd1+ 33. Kh2 Rd8 34. f6 Rgd7 35. Qe6+ Kf8 36. Qxe5 Qh5 37. Rf2 Qf7 38. Rd4 Rxd4 39. cxd4 Re8 40. Qf5 Qh5 41. Qf4 Re1 42. Rf3 Re2+ 43. Kg3 Qf7 44. d5 Qd7 45. Rf2 Re3+ 1-0

[Event "Wch Seniors 65 29th"]
[Site "Bucharest"]
[Date "2019.11.13"]
[Round "2"]
[White "Bray, David"]
[Black "Giffard, Nicolas"]
[Result "0-1"]
[WhiteElo "2031"]
[BlackElo "2218"]
[PlyCount "86"]
[EventDate "2019.11.12"]
[EventType "swiss"]
[EventRounds "11"]
[EventCountry "ROU"]
[SourceTitle "CBM 193 Extra"]
[Source "ChessBase"]
[SourceDate "2020.01.31"]
[SourceVersion "1"]
[SourceVersionDate "2020.01.31"]
[SourceQuality "1"]

1. e4 c6 2. c4 d5 3. exd5 cxd5 4. d4 Nf6 5. Nc3 e6 6. Nf3 Bb4 7. Be2 Ne4 8. Bd2 Nxd2 9. Qxd2 0-0 10. 0-0 Nc6 11. a3 Ba5 12. Rac1 Bc7 13. Rfd1 Na5 14. Qe3 dxc4 15. Nd2 Qf6 16. Nce4 Qf5 17. Ng3 Qf6 18. Bxc4 Nxc4 19. Rxc4 Bb6 20. Nde4 Qe7 21. Nc5 Rd8 22. Rcc1 Qf8 23. b4 a6 24. Qe4 Rb8 25. Nh5 Ba7 26. Rd3 Rd5 27. Rh3 h6 28. Nf4 Rg5 29. Qd3 e5 30. dxe5 Bxh3 31. Nxh3 Rxe5 32. Qc3 Rd5 33. Nf4 Rdd8 34. Qf3 Rbc8 35. Qxb7 Bxc5 36. bxc5 Qxc5 37. Re1 Qxa3 38. g3 Rc1 39. Rxc1 Qxc1+ 40. Kg2 Qc8 41. Qb2 Qc6+ 42. Kh3 Qb5 43. Qa3 a5 0-1

[Event "GBR-ch 65+ 106th"]
[Site "Torquay"]
[Date "2019.08.04"]
[Round "7.10"]
[White "Bray, David"]
[Black "Goodwin, Ed H"]
[Result "1/2-1/2"]
[WhiteElo "2085"]
[BlackElo "1825"]
[PlyCount "54"]
[EventDate "2019.07.29"]
[EventType "swiss"]
[EventRounds "7"]
[EventCountry "ENG"]
[SourceTitle "EXT 2021"]
[Source "ChessBase"]
[SourceDate "2020.10.23"]
[SourceVersion "1"]
[SourceVersionDate "2020.10.23"]
[SourceQuality "1"]

1. d4 e6 2. Nf3 f5 3. g3 Nf6 4. Bg2 Be7 5. 0-0 0-0 6. c4 d6 7. Nc3 Ne4 8. Qc2 Nxc3 9. Qxc3 Bf6 10. Qc2 e5 11. e3 Nc6 12. Rd1 Qe8 13. d5 Ne7 14. b3 Qh5 15. Bb2 f4 16. exf4 exf4 17. Nd4 fxg3 18. hxg3 Bg4 19. Re1 Bxd4 20. Bxd4 Nf5 21. Bb2 Bf3 22. Bxf3 Qxf3 23. Qe2 Qxe2 24. Rxe2 Rae8 25. Rae1 Rxe2 26. Rxe2 Kf7 27. Kg2 g6 1/2-1/2

[Event "WchT Seniors 65"]
[Site "Rhodes"]
[Date "2019.04.21"]
[Round "6.7"]
[White "Holst, Per"]
[Black "Bray, David"]
[Result "1-0"]
[WhiteElo "2150"]
[BlackElo "2121"]
[PlyCount "63"]
[EventDate "2019.04.16"]
[EventType "team-swiss"]
[EventRounds "9"]
[EventCountry "GRE"]
[SourceTitle "CBM 190 Extra"]
[Source "ChessBase"]
[SourceDate "2019.07.15"]
[SourceVersion "1"]
[SourceVersionDate "2019.07.15"]
[SourceQuality "1"]
[WhiteTeam "Norresundby"]
[BlackTeam "England II"]
[WhiteTeamCountry "DEN"]
[BlackTeamCountry "ENG"]

1. d4 Nf6 2. c4 e6 3. Nf3 d5 4. g3 c6 5. Qc2 Bb4+ 6. Nbd2 0-0 7. Bg2 Nbd7 8. 0-0 Qe7 9. e4 dxe4 10. Nxe4 Nxe4 11. Qxe4 Nf6 12. Qe2 Bd7 13. Bf4 Bd6 14. Ne5 Rad8 15. Rfd1 Bc8 16. a3 c5 17. dxc5 Bxc5 18. b4 Bb6 19. Be3 Bxe3 20. Qxe3 a5 21. Qb6 axb4 22. axb4 Nd7 23. Qc7 Rfe8 24. Bxb7 Qf6 25. Ng4 Qg5 26. Bf3 Qf5 27. Kg2 e5 28. Ne3 Qg5 29. h4 Qf6 30. Rd6 Qe7 31. Bc6 Kf8 32. Nd5 1-0

[Event "WchT Seniors 65"]
[Site "Rhodes"]
[Date "2019.04.17"]
[Round "2.5"]
[White "Hammar, Bengt Erik"]
[Black "Bray, David"]
[Result "1/2-1/2"]
[WhiteElo "2206"]
[BlackElo "2121"]
[PlyCount "124"]
[EventDate "2019.04.16"]
[EventType "team-swiss"]
[EventRounds "9"]
[EventCountry "GRE"]
[SourceTitle "CBM 190 Extra"]
[Source "ChessBase"]
[SourceDate "2019.07.15"]
[SourceVersion "1"]
[SourceVersionDate "2019.07.15"]
[SourceQuality "1"]
[WhiteTeam "Sweden"]
[BlackTeam "England II"]
[WhiteTeamCountry "SWE"]
[BlackTeamCountry "ENG"]

1. e4 c5 2. Nf3 e6 3. d3 d5 4. Nbd2 Nc6 5. g3 Nf6 6. Bg2 Be7 7. 0-0 0-0 8. Re1 Qc7 9. c3 dxe4 10. dxe4 Rd8 11. e5 Nd5 12. Qe2 b5 13. Qxb5 a5 14. Qe2 Ba6 15. Qe4 Rab8 16. Bf1 Bb7 17. Nc4 Nxc3 18. Qc2 Nd5 19. Bg5 Ndb4 20. Qb3 Bxg5 21. Nxg5 Nd4 22. Qc3 Nbc2 23. Rad1 Nxe1 24. Rxe1 h6 25. Ne4 Bd5 26. Ned2 Qb7 27. b3 Qb4 28. Re3 Nf5 29. Rd3 a4 30. bxa4 Qxa4 31. a3 Nd4 32. Ne3 Nf3+ 33. Nxf3 Bxf3 34. Qxc5 Rxd3 35. Bxd3 Ra8 36. Nc2 Bd1 37. Ne3 Bf3 38. Nc2 Qa5 39. Qe3 Qd5 40. Ne1 Bh5 41. Be4 Qa5 42. Bxa8 Qxa8 43. Nc2 Bd1 44. Nd4 Qd5 45. h3 Ba4 46. g4 Bd7 47. Kh2 Bc8 48. Kg3 Bb7 49. f3 Qa5 50. h4 Qd5 51. Ne2 Qa5 52. Nf4 Bc6 53. Nh5 g6 54. Nf4 Kg7 55. Kf2 Bd7 56. Ne2 Qd5 57. Qd4 Qb5 58. Qf4 Qc5+ 59. Qe3 Qa5 60. Ng3 Qd5 61. Qc3 Qa2+ 62. Ne2 Bb5 1/2-1/2